000 00779nam a2200193Ia 4500
999 _c39028
_d39028
001 5539
003 GE_BSU
005 20190520155527.0
008 181216s1972||||ge |||||||||||||| ||geo||
040 _cGE_BSU
041 _ageo
080 _a656.6 + 626/627(075.8) ბ-78
100 _aბობოხიძე, შ.
_91421
245 _aსანაოსნო გზები და ნავსადგურები :
_bსახელმძღვ. /
_cშ. ბობოხიძე ; რედ. ზ. ჯიბლაძე.
264 _aთბილისი :
_bგანათლება,
_c1972.
300 _a248 გვ. :
_bილ. ;
_c22 სმ.
653 _aსანაოსნო გზები და ნავსადგურები
942 _cBK
_2udc